| 000 | 00346nam a22001337a 4500 | ||
|---|---|---|---|
| 082 |
_a531 _bnaw |
||
| 245 |
_aGuide to newtonian mechanics _cnawab ud din ch. |
||
| 250 | _a1st ed. | ||
| 260 |
_alahore _bch ahmad najib _cc1983, |
||
| 300 |
_a190 p. : _c18 cm |
||
| 526 |
_a0 _b0 _c0 _d531_000000000000000_NAW |
||
| 650 |
_amce _9379 |
||
| 942 |
_2ddc _cBK |
||
| 999 |
_c544302 _d544302 |
||